Normal view
MARC view
Entry Topical Term
001 - CONTROL NUMBER
- control field: 27376
003 - CONTROL NUMBER IDENTIFIER
- control field: ARRUPE
005 - DATE AND TIME OF LATEST TRANSACTION
- control field: 20161109103433.0
008 - FIXED-LENGTH DATA ELEMENTS
- fixed length control field: 161109|| aca||aabn | a|a d
040 ## - CATALOGING SOURCE
- Original cataloging agency: ARRUPE
- Transcribing agency: ARRUPE
150 ## - HEADING--TOPICAL TERM
- Topical term or geographic name as entry element: Political science.
670 ## - SOURCE DATA FOUND
- Source citation: Work cat.: (ARRUPE)0: Machiavelli, Niccolò, 1469-1527. 3238, Opere di Niccolò Machiavelli, 1826.